000 00641nam a22002177a 4500
005 20170124110010.0
010 _a580288
020 _c00.00
_a720701740
035 _a580288
037 _bCen Lib/Ret
040 _aDPL
_bEN
082 _a371.73
_bDUN
100 _aDunn, Walter G.
_917646
245 _aOlympic gymnastics for schools /
_cby Walter G.Dunn
260 _aLondon
_bPehlam Books
_c1969
270 _bLondon
_a26, Bloomsburry Street
300 _a160p. :
_c18cm(Hb)
_bill.
650 _aOlympic gymnastics.
_917647
650 _aElementary to advanced exercises.
_917648
942 _2ddc
_cEN
_h371.73
_mDUN
999 _c126483
_d126483